30 Facts That Start with 'E' Quiz Stats

Quiz Updated Nov 7, 2017

Also try: Trivia Field
Challenge
Share
Tweet
Embed
Score 0/30 Timer 05:00
0 Plays Today
Question Answer % Correct
What does the 'e' in e-mail stand for?Electronic
91.2%
What name is given to the two days a year when day and night are of equal length?Equinox
89%
Which word is 'huevo' in Spanish and 'oeuf' in French?Egg
85.1%
The Mercalli and Richter scales are used to measure the intensity of what?Earthquakes
85%
In golf, what name is given to a score of two under par on a hole?Eagle
84%
Complete the title of the Jason Lee TV series: 'My Name is...'?Earl
83.4%
What is the largest bird native to Australia?Emu
81.6%
Which hard wood was traditionally used for black piano keys and chess pieces?Ebony
81%
What is the first name of Scrooge in Charles Dickens' 'A Christmas Carol'?Ebenezer
78.9%
Pierre Omidyar founded what website in 1995?eBay
77.7%
What term describes trees that don't shed their leaves in winter?Evergreen
77.1%
In the novel and film, in which city does the Wizard of Oz live?Emerald City
76.1%
Which New York island was the gateway for millions of immigrants from 1892 until 1954?Ellis Island
74.5%
Which aviator disappeared while flying over the Pacific Ocean in 1937?Earhart (Amelia)
72.8%
What was the name of King Arthur's legendary sword?Excalibur
70%
Question Answer % Correct
Who directed the Oscar-winning films 'Unforgiven' and 'Million Dollar Baby'?Eastwood (Clint)
64.2%
The Galápagos Islands are part of what country?Ecuador
64.1%
What is the second book of the Old Testament?Exodus
63.6%
Named after a famous scientist, which chemical element has atomic number 99?Einsteinium
61.4%
Which Dutch cheese is coated in red wax before it is sold?Edam
60.4%
Who played Troy Bolton in the movie 'High School Musical'?Efron (Zac)
59.3%
What was the first name of the Spice Girl nicknamed 'Baby Spice'?Emma
57.2%
What TV series stars Jonny Lee Miller as Sherlock Holmes?Elementary
56.9%
Which gypsy girl takes pity on Quasimodo in 'The Hunchback of Notre-Dame'?Esmeralda
55.5%
Which American energy company went bankrupt in 2001?Enron
54.7%
What is the title of the third book in Stephenie Meyer's 'Twilight' series?Eclipse
53.8%
James Dean starred as Cal Trask in which 1955 film, based on a John Steinbeck novel?East of Eden
47.9%
In 1986, what Swedish rock band had a hit with 'The Final Countdown'?Europe
45.1%
Which Premier League football team plays home games at Goodison Park?Everton
39.1%
Although never launched into space, what was the first Space Shuttle called?Enterprise
25.6%

You're not logged in!

Compare scores with friends on all Sporcle quizzes.
Sign Up with Email
OR
Log In

You Might Also Like...

Show Comments

Extras

Top Quizzes Today


Score Distribution

Your Account Isn't Verified!

In order to create a playlist on Sporcle, you need to verify the email address you used during registration. Go to your Sporcle Settings to finish the process.